| 000 | 01070nam a2200325 4500 | ||
|---|---|---|---|
| 001 | C2-0230756 | ||
| 003 | PPAK | ||
| 005 | 20240319145739.0 | ||
| 008 | 141215t19581958enk g 000 0 may d | ||
| 020 | _qhardback | ||
| 040 |
_aPPAK _beng _cPPAK _erda |
||
| 082 | 0 | 4 |
_223 _a899.2307 |
| 090 | 0 | 0 |
_a398.2 _bCHE _dKAM |
| 090 | 2 | 0 |
_a398.2 _bCHE _dKSI |
| 090 | 2 | 0 |
_a899.2307 _bCHE _dKWS |
| 245 | 0 | 0 |
_aCherita jenaka dan penglipor lara = _bAN ANTHOLOGY OF MALAY FOLK AND RHAPSODIST TALES |
| 264 | 1 |
_aLondon : _bLongmans, Green and Co., _c1958 |
|
| 264 | 4 | _c©1958 | |
| 300 |
_aviii, 115 pages ; _c19 cm |
||
| 336 |
_2rdacontent _atext |
||
| 337 |
_2rdamedia _aunmediated |
||
| 338 |
_2rdacarrier _avolume |
||
| 490 | 1 | _aLongmans' Malay Studies Series (Literature) | |
| 490 | 1 |
_aKESUSASTERAAN MELAYU RAMPAI-RAMPAI ; _vIV |
|
| 650 | 1 | 0 |
_aMalay literature _vStudy and teaching |
| 650 | 2 | 0 | _aFolk literature, Malay |
| 830 | 0 | _aLongmans' Malay studies series (Literature) | |
| 830 | 0 |
_aKesusasteraan Melayu rampai-rampai ; _niv |
|
| 942 |
_cB _2ddc |
||
| 999 |
_c150294 _d150294 |
||